00451 a2200133 450000500170000002000170001708200160003410000200005024500460007025000120011626000450012830000520017385600920022520250505163705.0 a007-288398-7 a658.15 HIG aHIGGINS, R. C. aAnalysis for Financial Management. a7th Ed. aNew York , bMacgraw-Hill Irwin,c2004. axix, 412p.: Ill.;figures & tablebIndexc22cm. yAccess Online Book fAnalysis for Financial Managementdwww.mhhe.com/edumarketinsight